サービスエリアのある自治体 - Statistics

General Stats
  • This quiz has been taken 238 times
  • The average score is 48 of 140
Answer Stats
道路名 施設名 所在地 % Correct
東名高速道路 海老名SA 海老名市
59%
道央自動車道 有珠山SA 伊達市
58%
上河内SA 宇都宮市
53%
前沢SA 奥州市
53%
足柄SA(上り) 御殿場市
53%
梓川SA(上り) 松本市
51%
花輪SA 鹿角市
49%
名立谷浜SA 上越市
49%
上信越自動車道 横川SA 安中市
49%
越後川口SA 長岡市
48%
新名神高速道路 土山SA 甲賀市
48%
西仙北SA 大仙市
47%
富士川SA 富士市
47%
岩手山SA 八幡平市
46%
東名阪自動車道 御在所SA 四日市市
46%
塩沢石打SA 南魚沼市
45%
中央自動車道 談合坂SA 上野原市
45%
城端SA 南砺市
45%
樽前SA 苫小牧市
44%
東北自動車道 蓮田SA 蓮田市
44%
佐野SA 佐野市
44%
那須高原SA 那須郡那須町
44%
長者原SA 大崎市
44%
北陸自動車道 賤ヶ岳SA 長浜市
44%
東部湯の丸SA 東御市
44%
諏訪湖SA(上り) 諏訪市
44%
足柄SA(下り) 駿東郡小山町
44%
新東名高速道路 駿河湾沼津SA 沼津市
44%
岡崎SA 岡崎市
44%
名神高速道路 大津SA 大津市
44%
東海北陸自動車道 長良川SA | 関SA 関市
44%
ひるがの高原SA 郡上市
44%
伊勢自動車道 安濃SA 津市
44%
紀ノ川SA 和歌山市
44%
佐方SA | 吉和SA | 宮島SA 廿日市市
44%
双葉SA 甲斐市
43%
諏訪湖SA(下り) 岡谷市
43%
駒ヶ岳SA 駒ヶ根市
43%
有磯海SA(上り) 滑川市
42%
米山SA 柏崎市
42%
南条SA 南条郡南越前町
42%
安達太良SA 本宮市
41%
姫路バイパス 姫路SA 姫路市
41%
尼御前SA 加賀市
40%
関越自動車道 高坂SA 東松山市
40%
豊田上郷SA 豊田市
40%
宍道湖SA 松江市
40%
神戸淡路鳴門自動車道 淡路SA 淡路市
40%
瀬戸中央自動車道 鴻ノ池SA 倉敷市
40%
長野自動車道 梓川SA(上り) 安曇野市
39%
中郷SA 北茨城市
39%
小矢部川SA 小矢部市
38%
有磯海SA(下り) 魚津市
38%
姨捨SA 千曲市
38%
恵那峡SA 恵那市
38%
牧之原SA 牧之原市
38%
浜名湖SA | 浜松SA(下り) 浜松市北区
38%
静岡SA 静岡市葵区
38%
浜松SA(上り) 浜松市浜北区
37%
西瀬戸自動車道 来島海峡SA 今治市
37%
津軽SA 平川市
36%
吹田SA 吹田市
36%
紫波SA 紫波郡紫波町
35%
常磐自動車道 守谷SA 守谷市
35%
小谷SA 東広島市
35%
岩見沢SA 岩見沢市
34%
砂川SA 砂川市
34%
大佐SA 新見市
34%
日本海東北自動車道 豊栄SA 新潟市北区
33%
多賀SA 犬上郡多賀町
33%
鹿野SA 周南市
33%
美東SA 美祢市
33%
福山SA 福山市
33%
山之口SA 都城市
33%
妙高SA 妙高市
32%
秋田自動車道 錦秋湖SA 和賀郡西和賀町
32%
道東自動車道 十勝平原SA 河西郡芽室町
31%
上里SA 児玉郡上里町
31%
名神高速道路 養老SA 養老郡養老町
31%
七塚原SA 庄原市
31%
桜島SA 姶良市
31%
別所岳SA 七尾市 鳳珠郡穴水町
31%
第二神明道路 明石SA 明石市
30%
国見SA 伊達郡国見町
29%
南相馬鹿島SA 南相馬市
29%
館山自動車道 市原SA 市原市
29%
宝塚北SA 宝塚市
29%
中国自動車道 西宮名塩SA 西宮市
29%
加西SA 加西市
29%
佐波川SA 防府市
29%
松山自動車道 石鎚山SA 西条市
29%
豊浜SA 観音寺市
29%
長崎自動車道 金立SA 佐賀市
29%
名阪国道 伊賀SA 伊賀市
29%
龍野西SA たつの市
28%
岡山自動車道 高梁SA 高梁市
28%
米子自動車道 蒜山高原SA 真庭市
28%
高松自動車道 津田の松原SA さぬき市
28%
東九州自動車道 別府湾SA 別府市
28%
磐越自動車道 阿武隈高原SA 田村市
27%
赤城高原SA 利根郡昭和村
27%
友部SA 笠間市
27%
山陽自動車道 三木SA 三木市
27%
山形自動車道 寒河江SA 寒河江市
26%
阪和自動車道 岸和田SA 岸和田市
26%
舞鶴若狭自動車道 西紀SA 丹波篠山市
26%
吉備SA 岡山市北区
26%
高峰SA 奈良市
26%
のと里山海道 高松SA かほく市
26%
山陰自動車道 はわいSA 東伯郡湯梨浜町
26%
八戸自動車道 折爪SA 九戸郡軽米町
24%
八郎湖SA 山本郡三種町
24%
下松SA 下松市
24%
阿賀野川SA 東蒲原郡阿賀町
24%
磐梯山SA 耶麻郡磐梯町
22%
勝央SA 勝田郡勝央町
22%
宮崎自動車道 霧島SA 小林市
22%
川登SA 武雄市
22%
安佐SA 広島市安佐北区
22%
西名阪自動車道 香芝SA 香芝市
21%
伊予灘SA 伊予市
21%
高知自動車道 南国SA 南国市
21%
東海環状自動車道 美濃加茂SA 美濃加茂市
20%
広川SA 八女郡広川町
19%
宮原SA 八代郡氷川町
18%
朝来SA 朝来市
18%
九州自動車道 古賀SA 古賀市
17%
北熊本SA 熊本市北区
17%
吉野川SA 三好郡東みよし町
17%
山江SA 球磨郡山江村
16%
印南SA 日高郡印南町
15%
大分自動車道 山田SA 朝倉市
15%
播但連絡道路 市川SA 神崎郡市川町
15%
玖珠SA 玖珠郡玖珠町
14%
徳島自動車道 上板SA 板野郡上板町
12%
沖縄自動車道 伊芸SA 国頭郡金武町
12%
No matching quizzes found
Score Distribution
Percent of People with Each Score
Percentile by Number Answered
Your Score History
You have not taken this quiz